A history of the American people. Volume 2: since 1865 /
Uložené v:
| Hlavný autor: | |
|---|---|
| Médium: | Kniha |
| Jazyk: | English |
| Vydané: |
San Diego ; New York ; Chicago :
Harcourt Brace Jovanovich, Publishers,
1984.
|
| Vydanie: | 1st ed. |
| Témy: | |
| ISBN: |
0155365312 (brož.) |
| Fyzický popis: |
S. 358-764, 18. |
| Tagy: |
Pridať tag
Žiadne tagy, Buďte prvý kto otaguje tento záznam!
|
Titul je dostupný aj v ... 

MARC
| LEADER | 00000nam a2200000 a 4500 | ||
|---|---|---|---|
| 001 | 000065708 | ||
| 003 | SVKK | ||
| 005 | 20110905090409.0 | ||
| 008 | 990430s1984 xxu e engo | ||
| 020 | |a 0155365312 (brož.) | ||
| 040 | |a SVKKK |b slo |c SVKKK |e AACR2 | ||
| 041 | 0 | |a eng | |
| 044 | |a xxu |c US | ||
| 080 | |a 973"1865/-" |2 1997 | ||
| 100 | 1 | |a Thernstrom, Stephan | |
| 245 | 1 | 2 | |a A history of the American people. |n Volume 2: since 1865 / |c Stephan Thernstrom. |
| 250 | |a 1st ed. | ||
| 260 | |a San Diego ; |a New York ; |a Chicago : |b Harcourt Brace Jovanovich, Publishers, |c 1984. | ||
| 300 | |a S. 358-764, 18. | ||
| 653 | 0 | |a USA |2 SVKKKPH | |
| 653 | 0 | |a dejiny |2 SVKKKPH | |
| 653 | 0 | |a po r. 1865 |2 SVKKKPH | |
| 653 | 0 | |a učebnice |2 SVKKKPH | |
| 655 | 7 | |a učebnice |2 SVKKKPH | |
| 910 | |a svkkk | ||
| 919 | |a 0-15-536531-2 | ||
| 974 | |a MI |d 19990430 | ||
| 974 | |a PA |d 19990430 | ||
| 974 | |a PA |d 20010430 | ||
| 998 | |a BK | ||
| 090 | |g SCKUS |k Americké centrum |a IV.166704 |j 873950 |i 2720049512 |s Voľný výber | ||